|
|
|
|
| LEADER |
00000cam a2200000 7i4500 |
| 001 |
0000003090 |
| 005 |
20040519.0 |
| 020 |
0 |
0 |
|a 9678913062
|
| 090 |
0 |
0 |
|a 345.59502
|b MAL 2004
|
| 110 |
1 |
0 |
|a MALAYSIA
|
| 245 |
1 |
0 |
|a Kanun Keseksaan (Akta 574) :
|b (hingga 5hb Januari 2004)
|c disusun oleh Lembaga Penyelidikan Undang-undang
|
| 260 |
0 |
0 |
|a Petaling Jaya, Selangor :
|b International Law Book Services ,
|c 2004
|
| 300 |
|
|
|a 227 p. ;
|c 24 cm.
|
| 440 |
0 |
0 |
|a Undang-undang Malaysia
|
| 650 |
0 |
0 |
|a Criminal law
|z Malaysia
|
| 650 |
0 |
0 |
|a Punishment
|z Malaysia
|
| 998 |
|
|
|a JPSM
|
| 999 |
|
|
|a 0000005520
|b Monograph
|c Open Shelf
|e Default branch
|